Statistics for Team Fortress 2 - Every Maps.

Click here to take the quiz!

General Stats

  • This quiz has been taken 82 times
  • The average score is 50 of 124

Answer Stats

Maps% Correct
2Fort
97%
Dustbowl
87%
Turbine
87%
Upward
87%
DeGroot Keep
80%
Sawmill
77%
Well
77%
Gold Rush
73%
Badwater Basin
70%
Egypt
70%
Gorge
70%
Harvest
70%
Hightower
70%
Mercenary Park
70%
Landfall
63%
2Fort Invasion
60%
Banana Bay
60%
Double Cross
60%
Granary
60%
Hoodoo
60%
Badlands
57%
Borneo
57%
Gravel Pit
57%
Mannhattan
57%
Mann Manor
57%
Mountain Lab
57%
Brazil
53%
Kong King
53%
Steel
53%
Thunder Mountain
53%
Viaduct
53%
5Gorge
50%
Enclosure
50%
Frontier
50%
Hydro
50%
Lakeside
50%
Mossrock
50%
Suijin
50%
Brickyard
47%
Decoy
47%
Doomsday
47%
Gullywash
47%
Helltower
47%
Junction
47%
Nucleus
47%
Process
47%
Rottenburg
47%
Snakewater
47%
Watergate
47%
Yukon
47%
Asteroid
43%
Coal Town
43%
Lazarus
43%
Mannworks
43%
Sunshine
43%
Swiftwater
43%
Eyeaduct
40%
Foundry
40%
Nightfall
40%
Pier
40%
Barnblitz
37%
Bigrock
37%
Carnival of Carnage
37%
Ghost Fort
37%
Ghost Town
37%
Harvest Event
37%
Powerhouse
37%
Bread Space
33%
Freight
33%
Highpass
33%
Lumberyard
33%
Pipeline
33%
Snowycoast
33%
Watchtower
33%
Wutville
33%
Altitude
30%
Cloak
30%
Coldfront
30%
Cursed Cove
30%
District
30%
Standin
30%
Timbertown
30%
Hellfire
27%
Metalworks
27%
Offblast
27%
Ravine
27%
Sinshine
27%
Target
27%
Bloodwater
23%
Byre
23%
Cascade
23%
Fastlane
23%
Gravestone
23%
Hassle Castle
23%
Itemtest
23%
Megalo
23%
Snowplow
23%
Vanguard
23%
Brimstone
20%
Cactus Canyon
20%
Cauldron
20%
Farmageddon
20%
Gorge Event
20%
Graveyard
20%
Hellstone
20%
Laughter
20%
Moldergrove
20%
Monster Bash
20%
Moonshine Event
20%
Polar
20%
Probed
20%
Slasher
20%
Snowfall
20%
SnowVille
20%
Terror
20%
Chilly
17%
Doublefrost
17%
Erebus
17%
Example
17%
Los Muertos
17%
Pit of Death
17%
Precipice
17%
Sinthetic
17%
Maple Ridge Event
13%

Score Distribution

Percentile by Number Answered

Percent of People with Each Score

Your Score History

You have not taken this quiz